| 000 | 00833cac a2200253 a 4500 | ||
|---|---|---|---|
| 003 | CO-PeBPM | ||
| 005 | 20250709162226.0 | ||
| 007 | ta | ||
| 008 | 231129s2000||||ck a||||||||||||| ||spa|| | ||
| 020 | _a9589666248 | ||
| 040 |
_aCO-PeBPM _bspa _cCO-PeBPM _erda |
||
| 041 | _aspa | ||
| 082 | 0 | 4 |
_a152.41 A786a _222 |
| 100 | 1 |
_aArteaga Pallares, Carlos _eautor |
|
| 245 | 1 | 0 |
_aLos avatares del amor _c/ Carlos Arteaga Pallares |
| 250 | _aPrimera edición | ||
| 260 |
_aBogotá, Colombia _b: Noosfera. Asociación Colombiana de Psiquiatría _c, c2000 |
||
| 300 |
_a160 páginas _bilustraciones en blanco y negro _c20 centímetros |
||
| 500 | _aIncluye índice | ||
| 504 | _aIncluye bibliografía consultada | ||
| 650 | 1 | 4 |
_a Amor _2LEMB |
| 650 | 1 | 4 |
_a Filosofía del amor _2LEMB |
| 942 |
_2ddc _cBK |
||
| 999 |
_c19499 _d19499 |
||